00427nam a2200145 a 450000500170000000800410001702000180005805000270007610000280010324500570013126000320018830000100022044000340023050000170026420140412111426.0090626s19uu xx 00 eng d a0-439-11639-2 aTR(GS 372.41bSc8 2000 aSchulman, Mary Browning aGuided Reading: Making it work. /cMary B. Schulman. aU.S.A :bScholastic,c2000. a272p. aScholastic reading strategies aGrades K - 3